000 00354pam a2200157a 44500
008 230515b1985 xxu||||| |||| 00| 0 eng d
020 _aNULL
041 _aENGLISH
082 _a630
100 _aKHURMI R S
245 _aA TEXT BOOK OF MACHINE DESIGN
250 _a0
260 _aN
_bS. CHAND AND COMPANY
_c1985
300 _a1067
650 _aNULL
999 _c651403
_d651403